Optimizing the quality control of SIR 20crumb rubber using the goal programming technique (Record no. 64448)

MARC details
000 -LEADER
fixed length control field 00518nam a2200181Ia 4500
100 ## - MAIN ENTRY--AUTHOR NAME
Personal name Suwardin D
245 #0 - TITLE STATEMENT
Title Optimizing the quality control of SIR 20crumb rubber using the goal programming technique
260 ## - PUBLICATION, DISTRIBUTION, ETC. (IMPRINT)
Name of publisher Indonesian Journal of Natural Rubber Research
Year of publication 1995
300 ## - PHYSICAL DESCRIPTION
Number of Pages 188-194
650 ## - SUBJECT ADDED ENTRY--TOPICAL TERM
Topical Term Crumb rubber
650 ## - SUBJECT ADDED ENTRY--TOPICAL TERM
Topical Term Hevea brasiliensis
650 ## - SUBJECT ADDED ENTRY--TOPICAL TERM
Topical Term SIR 20
700 ## - ADDED ENTRY--PERSONAL NAME
Personal name Basith A
700 ## - ADDED ENTRY--PERSONAL NAME
Personal name Budiman AFS
700 ## - ADDED ENTRY--PERSONAL NAME
Personal name Jamaran I
942 ## - ADDED ENTRY ELEMENTS (KOHA)
Koha item type Journals
Holdings
Withdrawn status Lost status Damaged status Not for loan Home library Current library Shelving location Date acquired Serial Enumeration / chronology Koha item type
      Journals RRII Library RRII Library Rubber chemistry 17/12/2021 Volume 13, Issue 2 Journals